| 000 | 00000nam##2200000za#4500 |
| 001 | 9.579036 |
| 003 | CaOODSP |
| 005 | 20210624190355 |
| 007 | cr ||||||||||| |
| 008 | 150406|1994||||xxc|||||o f|0| 0 eng|d |
| 022 | |a1488-5379 |
| 040 | |aCaOODSP|beng |
| 043 | |an-cn--- |
| 086 | 1 |aFs97-6/1981E-PDF |
| 110 | 1 |aCanada. |bDepartment of Fisheries and Oceans. |
| 245 | 10|aConcentrations of pesticides and other industrial chemicals in some sports fish species from a few sites in New Brunswick and Nova Scotia / |h[electronic resource]|cby Nicholas J. Prouse and John F. Uthe. |
| 260 | |aHalifax - Nova Scotia : |bFisheries and Oceans Canada |c1994. |
| 300 | |a46p.|breferences, tables |
| 490 | 1 |aCanadian technical report of fisheries and aquatic sciences|x1488-5379|vNo. 1981 |
| 500 | |aOn t.p. Scotia-Fundy Region, Halifax, Nova Scotia. The catalogue number and ISSN for the print edition appear in the PDF version. |
| 546 | |a(Résumé en français) |
| 590 | |a14-05-Supp|b2014-02-26 |
| 720 | 1 |aUthe, J. F. |
| 720 | 1 |aProuse, N. J. |
| 830 | #0|aCanadian technical report of fisheries and aquatic sciences,|x1488-5379|vNo. 1981|w(CaOODSP)9.504449 |
| 856 | 40|ahttp://publications.gc.ca|qPDF|s4204 KB|uhttps://publications.gc.ca/collections/collection_2014/mpo-dfo/Fs97-6-1981-eng.pdf|yNo. 1981 |